=LDR 00000nam 2200000 4500 =001 000267 =005 20250710123405 =035 ##$$a 0010-0725000102 =245 1#$$a Pinku dan pankhu /$c Dropti sharma =100 1#$$a Sharma =250 ##$$a Cetakan pertama =300 ##$$a 16 hlm : $b Ilus. ; $c 21 cm =856 ##$$a TBM As suhada =260 ##$$a Rawamangun :$b Badan pengembangan dan pembinaan bahasa,$c 2022 =082 ##$$a PB 398.209 598 SHA p =084 ##$$a PB 398.209 598 SHA p SHA p =020 ##$$a 978-623-307-472-8 =650 #4$$a Cerita anak indonesia-terjemahan =650 #4$$a Literasi-bahan bacaan